| 000 | 01127naa a2200313 c 4500 | ||
|---|---|---|---|
| 001 | 30555 | ||
| 003 | ES-MaCES | ||
| 005 | 20150929135532.0 | ||
| 008 | 980528n1998 sp ||| | spa d | ||
| 035 | _aCES19980045065v | ||
| 040 |
_aES-MaCES _bspa _cES-MaCES |
||
| 100 | 1 |
_aRojo Torrecilla, Eduardo _922524 |
|
| 245 | 1 | 4 |
_aLas políticas de empleo _b: especial atención a las políticas de inserción para los colectivos más desfavorecidos _cEduardo Rojo Torrecilla |
| 650 | 4 |
_aEspaña _926964 |
|
| 650 | 4 |
_arégimen jurídico _929894 |
|
| 650 | 4 |
_arelación formación empleo _929976 |
|
| 650 | 4 |
_aoportunidades de empleo _927182 |
|
| 650 | 4 |
_asocialmente desfavorecidos _929219 |
|
| 650 | 4 |
_ainserción profesional _929942 |
|
| 650 | 4 |
_amercado de trabajo _928292 |
|
| 653 | 1 | 0 | _aEmpleo |
| 650 | 4 |
_928300 _apolítica de empleo |
|
| 650 | 4 |
_928178 _aempresa |
|
| 650 | 4 |
_926752 _aUE |
|
| 773 | 0 |
_tRelaciones laborales _gLas Rozas, Madrid. - Año 14, n. 8 (23 abr. 1998) ; p. 9-41 _w(ES-MaCES)25210 |
|
| 902 | _aART Artículo de revista | ||
| 942 |
_2CES _cAR _h2.1. |
||
| 999 |
_c30555 _d30555 |
||